000 00988namaa2200301 cb4500
001 BV005305351
003 DE-70
005 20260416150959.0
006 m|||| o||u| ||||||
007 tu
007 7
008 920527s1980 a||| |||| 00||| und d
020 _a9781805433903
_9978-1-80543-390-3
024 _a9781805433903
_a978-1-80543-390-3
040 _cRU-10907106
041 _aeng
100 _aSmith, Jill Suzanne
_4aut
_969046
245 _aThe Afterlives of Weimar Berlin
_bTwenty-First-Century Literature, Media, and Visual Culture
264 _bBoydell & Brewer Ltd Camden House Inc
_c2024
_aColumbia
300 _a230 Seiten
336 _2rdacontent
_aText
_btxt
337 _2rdamedia
_aComputermedien
_bbc
338 _2rdacarrier
_aOnline Ressource
_bcr
490 _aStudies in German Literature Linguistics and Culture
500 _aE-Book / Zugriff nur im Lesesaal
856 _zVolltext
_uhttp://www.degruyterbrill.com/isbn/9781805433903
942 _cEB
_2z
999 _c74074
_d74074